| 000 | 00642nam a2200133Ia 4500 | ||
|---|---|---|---|
| 008 | 171212s9999 xx 000 0 und d | ||
| 020 | _a9780833076786 | ||
| 100 | _aLibicki, Martin C. | ||
| 245 |
_cLibicki, Martin C. _aCrisis and Escalation in Cyberspace |
||
| 260 |
_bRAND Corporation _c2012 |
||
| 650 | _aInformation warfare -- United States; Escalation (Military science); Cyberspace -- Security measures; Crisis management -- Government policy -- United States; Cyberterrorism -- Prevention; United States. Air Force -- Organization; United States. Air Force | ||
| 650 | _aTechnology | ||
| 856 | _uwww.jstor.org/stable/10.7249/j.ctt24hrx7 | ||
| 999 |
_c351910 _d351910 |
||